Wörterverzeichnis zu Gawdat Gabras Ausgabe des Psalters im mesokemischen (oxyrhynchitischen/mittelägyptischen) Dialekt des Koptischen (Mudil-Kodex) /

محفوظ في:

المؤلف الرئيسي: Bosson, Nathalie (مؤلف)

مؤلفون آخرون: Kasser, Rodolphe.

التنسيق: كتاب

اللغة: German
Coptic
Ancient Greek

منشور في: Lovanii : Peeters, 1997.

سلاسل: Corpus scriptorum Christianorum Orientalium. Subsidia ; 96.
CSCO.Sub. ; 96.

الموضوعات:

الوسوم: إضافة وسم

لا توجد وسوم, كن أول من يضع وسما على هذه التسجيلة!

رقم الطلب: BX100 .C8 S94 v.96

LEADER 01136namaa2200313 4500
001 22032
003 OSt
005 20250313102258.0
008 130303s1997 be g b 000 0 ger d
010 |a 98186279 
020 |a 9068319116 
040 |c ARCE Library 
041 0 |a ger  |a cop  |a grc 
050 4 |a BX100 .C8 S94 v.96 
100 1 |a Bosson, Nathalie,  |e author  |9 27076 
245 1 0 |a Wörterverzeichnis zu Gawdat Gabras Ausgabe des Psalters im mesokemischen (oxyrhynchitischen/mittelägyptischen) Dialekt des Koptischen (Mudil-Kodex) /  |c von Nathalie Bosson, unter Mitarbeit von Rodolphe Kasser. 
246 3 |a Wörterverzeichnis. 
264 1 |a Lovanii :   |b Peeters,   |c 1997. 
300 |a xvii, 338 pages ;  |c 24 cm. 
490 0 |a Corpus scriptorum Christianorum Orientalium. Subsidia ;  |v 96. 
490 0 |a CSCO.Sub. ;   |v 96. 
504 |a Includes bibliographical references (p. [xiii]). 
555 |a Sara.lib 
630 0 0 |a Mudil-Kodex  |x Concordances, German. 
630 0 0 |a Bible.  |p Psalms.  |l Coptic.  |s Mudil-Kodex  |x Concordances, German. 
700 1 |a Kasser, Rodolphe.  |9 33637 
901 |a reviewed 
942 |c BK  |2 lcc 
999 |c 20639  |d 20639